| 000 | 00704nam a2200229Ia 4500 | ||
|---|---|---|---|
| 003 | 0100 | ||
| 008 | 130303s9999 xx 000 0 und d | ||
| 040 | _cARRUPELIB | ||
| 050 | _aB721.B37 1996 | ||
| 100 | _aBosley, Richard N ; Tweedale, Martin M | ||
| 245 | _aBasic issues in medieval philosophy | ||
| 245 | _bselected readings presenting the interactive discourses among the major figures | ||
| 260 | _aCanada | ||
| 260 | _bBroadview Press | ||
| 260 | _C1996 | ||
| 300 | _axxii | ||
| 300 | _b 679p. 23cm. | ||
| 650 | _bNational characteristics, Italian | ||
| 650 | _cItaly- -Civilization- -20th century | ||
| 650 | _dItalians- - Foreign countries - - Ethnic identity | ||
| 942 |
_2lcc _05 |
||
| 999 |
_c60350 _d60350 |
||